=LDR 00000nam 2200000 4500 =001 INLIS000000000016305 =005 20130612111559 =008 ***********************************Ind** =035 ##$$0010-061300000016305 =041 ##$$a Ind =082 ##$$a 595.8 =090 ##$$a 595.8, Kus k =100 ##$$a Kusano, Shinji =245 ##$$a Kotak leopard, Shinji Kusano ; alih bahasa, Enny Widianingsih =260 ##$$a 1997 $b Jakarta =300 ##$$a 32 hlm., ilus, 23 cm =650 ##$$a Kotak Leopart =700 ##$$a Widianingsih, Enny =850 ##$$a NBPNMAT